|
|
|
|
| LEADER |
00000nam0a2200000 4500 |
| 001 |
136911 |
| 005 |
20231101220641.0 |
| 010 |
|
|
|a 9785911313463
|
| 035 |
|
|
|a (RuTPU)RU\TPU\book\148393
|
| 090 |
|
|
|a 136911
|
| 100 |
|
|
|a 20080429d2008 m y0rusy50 ca
|
| 101 |
0 |
|
|a rus
|
| 102 |
|
|
|a RU
|
| 105 |
|
|
|a a j 001zy
|
| 200 |
1 |
|
|a Эконометрика
|e учебник
|f под ред. В. Б. Уткина
|
| 210 |
|
|
|a Москва
|c Дашков и К
|d 2008
|
| 215 |
|
|
|a 562 с.
|c ил.
|
| 320 |
|
|
|a Библиогр.: с. 473-477.
|
| 320 |
|
|
|a Термины и определения: с. 520-561.
|
| 330 |
|
|
|a Учебник содержит систематизированное изложение методологических основ эконометрики и написан на базе лекционных курсов, которые авторы преподавали в ряде вузов г. Москвы. В книге представлены важнейшие сведения по теории вероятностей (случайные события и величины; функции случайного аргумента) и математической статистике (общая характеристика статистических методов; методы статистической обработки результатов испытаний; статистическая проверка гипотез). В части "Методы эконометрики" содержится изложение методологии моделирования сложных экономических систем; методов дисперсионного, регрессионного и корреляционного анализа и основ применения метода экспертного оценивания. В учебник включены прикладные наработки авторов по рассматриваемой тематике, примеры и задания для самостоятельной работы.Для студентов экономических специальностей вузов, аспирантов, преподавателей, научных сотрудников и специалистов по прикладной экономике, статистике и финансам.
|
| 606 |
1 |
|
|a Эконометрика
|2 stltpush
|3 (RuTPU)RU\TPU\subj\22155
|9 47019
|
| 610 |
1 |
|
|a теория вероятностей
|
| 610 |
1 |
|
|a случайные события
|
| 610 |
1 |
|
|a случайные величины
|
| 610 |
1 |
|
|a случайные аргументы
|
| 610 |
1 |
|
|a функции
|
| 610 |
1 |
|
|a математическая статистика
|
| 610 |
1 |
|
|a статистические методы
|
| 610 |
1 |
|
|a испытания
|
| 610 |
1 |
|
|a статистическая обработка
|
| 610 |
1 |
|
|a статистическая проверка
|
| 610 |
1 |
|
|a гипотезы
|
| 610 |
1 |
|
|a сложные экономические системы
|
| 610 |
1 |
|
|a моделирование
|
| 610 |
1 |
|
|a статистический анализ
|
| 610 |
1 |
|
|a регрессивный анализ
|
| 610 |
1 |
|
|a корреляционный анализ
|
| 610 |
1 |
|
|a экспертное оценивание
|
| 610 |
1 |
|
|a учебники
|
| 610 |
1 |
|
|a экономика
|
| 610 |
1 |
|
|a прикладная экономика
|
| 610 |
1 |
|
|a статистика
|
| 610 |
1 |
|
|a финансы
|
| 686 |
|
|
|a Ув631я73
|v LBC/SL-A
|2 rubbk
|
| 702 |
|
1 |
|a Уткин
|b В. Б.
|4 340
|
| 801 |
|
1 |
|a RU
|b 63413507
|c 20080429
|g PSBO
|
| 801 |
|
2 |
|a RU
|b 63413507
|c 20220907
|g PSBO
|
| 900 |
|
|
|a Эконометрика
|
| 942 |
|
|
|c BK
|
| 959 |
|
|
|a 47/20080428
|d 2
|e 286,00
|f АНЛ:1
|f ЧЗГЛ:1
|